000 00703nam a2200253Ia 4500
003 OSt
005 20220918164329.0
006 a|||||r|||| 00| 0
007 ta
008 220917b |||||||| |||| 00| 0 eng d
020 _a052155651 (pbk)
024 _a157,873
037 _cTextual
040 _aARTS
_cARTS
_beng
041 _2eng
_aeng
082 _aO111,3M99:g, N8
245 0 _aNew essays on Hemingway's short fiction edited by Paul Smith
260 _aCambridge
_bCambridge University Press
_c1998
300 _ax, 141p.
_ccm.
490 _aThe American noval
650 _aAMERICAN LITERATURE
942 _hO111,3M99:g, N8
_cTEXL
_2CC
999 _c124286
_d124286